MARC

LEADER 00000nam0a2200000 4500
001 293431
005 20231102000607.0
020 |a RU  |b 84-28617ж 
035 |a (RuTPU)RU\TPU\book\318459 
090 |a 293431 
100 |a 20150430d1984 k y0rusy5003 ca 
101 0 |a rus 
102 |a RU 
105 |a a z 000zy 
200 1 |a Газоконденсатные системы и методы их изучения  |f Украинский научно-исследовательский геологоразведочный институт (УкрНИГРИ) 
210 |a Москва  |c Недра  |d 1984 
215 |a 152 с.  |c ил. 
225 1 |a Труды Украинского научно-исследовательского геологоразведочного института (УкрНИГРИ)  |v Вып. 32 
606 1 |a Газоконденсатные месторождения  |2 stltpush  |3 (RuTPU)RU\TPU\subj\5070  |9 33232 
610 1 |a газоконденсатные скважины 
610 1 |a исследования 
610 1 |a изучение 
610 1 |a Украинская ССР 
610 1 |a фильтрационные параметры 
610 1 |a методика 
610 1 |a аппаратура 
610 1 |a залежи 
675 |a 553.981.6  |z rus  |v 4 
712 0 2 |a Украинский научно-исследовательский геологоразведочный институт  |c (Львов/Киев)  |c (1957-1991)  |2 stltpush  |3 (RuTPU)RU\TPU\col\2063  |9 23645 
801 0 |a RU  |b RuMRKP  |c 19950704  |g psbo 
801 1 |a RU  |b 63413507  |c 20150430 
801 2 |a RU  |b 63413507  |c 20210330  |g RCR 
942 |c BK